| 000 | 01408nab a2200205 i 4500 | ||
|---|---|---|---|
| 001 | 768714001 | ||
| 003 | CO-MdFUSB | ||
| 005 | 20240826095805.0 | ||
| 008 | 220909s1992 ck ||||| |||| 00| 0 spa d | ||
| 040 |
_bspa _cCO-MdFUSB _dCO-MdFUSB |
||
| 041 | _aspa | ||
| 100 |
_aOsorio Jaramillo, Oscar, _eautor |
||
| 245 |
_aMemoria del encuentro de Antropología Misionera "500 años" _c/ Oscar Osorio Jaramillo |
||
| 520 | _aLa Conferencia Episcopal Colombiana por medio de su Comisión de Pastoral de Misiones, encargó al Instituto de Antropología Misionera (IMA), llevar a cabo un evento encaminado a dar respuestas desde el enfoque antropológico, a las variadas críticas que desde diversos ángulos de la opinión pública se hacen a la evangelización de las culturas autóctonas. El IMA, aprovechando la tarea investigativa de los alumnos y el trabajo de campo que realizan sus egresados, desarrolló un estudio serio acerca de los elementos que perduran de las religiones pre-ibéricas, los efectos de la evangelización entre esas culturas la calidad del cristianismo resultante de esa evangelización en el Nuevo Testamento. | ||
| 650 | 7 |
_93 _aCultura |
|
| 650 | 7 |
_aAntropología cultural y social _96714 |
|
| 773 | 0 |
_049438 _981254 _dCentro Antropológico Colombiano _oR1690 _tEthnia _w(CO-MdFUSB)768714001 _gVolumen 70, (noviembre, 1992) páginas: 49-82 _qpáginas: 49 |
|
| 942 | _cANA | ||
| 945 | _aAF | ||
| 999 |
_c68129 _d68129 |
||